000 01080cam a2200289 i 4500
001 1762138
003 OSt
005 20250321124147.0
008 760707s1976 ilu i 000 0 eng
010 _a 76025479
020 _a0802440827 :
_c$24.95
040 _aDLC
_cDLC
_dDLC
050 0 0 _aPJ4833.B683
_bE35
082 0 0 _a221.2
100 1 _aEinspahr, Bruce.
245 1 0 _aIndex to Brown, Driver & Briggs Hebrew lexicon /
_ccompiled by Bruce Einspahr.
260 _aChicago :
_bMoody Press,
_cc1976.
300 _aviii, 452 p. ;
_c28 cm.
500 _aIncludes index
600 1 0 _aBrown, Francis,
_d1849-1916.
_tHebrew and English lexicon of the Old Testament
_xIndexes.
650 0 _aHebrew language
_xDictionaries
_xEnglish
_xIndexes.
700 _aBrown, Francis,
_d1849-1916.
856 4 2 _3Publisher description
_uhttp://www.loc.gov/catdir/enhancements/fy0609/76025479-d.html
856 4 2 _3Contributor biographical information
_uhttp://www.loc.gov/catdir/enhancements/fy1115/76025479-b.html
906 _a7
_bcbc
_corignew
_d1
_eocip
_f19
_gy-gencatlg
942 _2lcc
_cBK
_n0
999 _c5042
_d5042